000
00302nam a22001457a 4500
003
SGT
082
_a
346.4202,TRE
100
_a
TREITEL
245
_a
THE LAW OF CONTRACT
250
_a
13TH
260
_a
LONDAN
_b
SWEET & MAXWELL
_c
2010
300
_a
1212
653
_a
CONTRACT-LONDAN
942
_2
ddc
_c
BK
999
_c
9597
_d
9597